|
|
|
|
| LEADER |
00823pam a22002538a 4500 |
| 001 |
00027892 |
| 005 |
20171026081022.0 |
| 008 |
111221s2005 ||||||engsd |
| 020 |
# |
# |
|a 0194536424
|
| 041 |
0 |
# |
|a eng
|
| 082 |
1 |
# |
|a 428
|b ENG300K
|
| 100 |
1 |
# |
|a Blackwell, Angela
|
| 245 |
1 |
0 |
|a English knowhow
|c Angela Blackwell, Therese Naber ; with Gregory J. Manin
|b Student book 3B
|
| 260 |
# |
# |
|a New York
|b Oxford University Press
|c 2005
|
| 300 |
# |
# |
|a v, 137 p.
|b col. ill.
|c 28 cm.
|
| 650 |
|
|
|a Sách giáo khoa cho người nước ngoài
|
| 650 |
|
|
|a Tiếng anh
|
| 700 |
1 |
# |
|a Manin, Gregory J.
|
| 700 |
1 |
# |
|a Naber, Therese
|
| 852 |
# |
# |
|b Kho đọc
|j KD.0012886
|
| 852 |
# |
# |
|j KD.0012886
|
| 910 |
# |
# |
|d 21/12/2011
|
| 980 |
# |
# |
|a Trung tâm Học liệu Lê Vũ Hùng, Trường Đại học Đồng Tháp
|